000 00627nam a22001937a 4500
005 20140805113143.0
010 _aB-506371-384
020 _a9789380828534
_c149.00
035 _aB-506371-384
037 _adpl
_bKBD/Ven
082 _aN
100 _aPandey, Ramya Mishra
245 _aLove Lasts Forever/
_cby Ramya Mishra Pandey
260 _aNew Delhi
_bVitasta Publishing Pvt. Ltd.
_c2012
270 _a2/15, Ansari Road, Daryaganj
_bNew Delhi
_e110002
300 _a212p.:
_bill.
_c21cm(pbk)
942 _2ddc
_cEN
_hN
_mPAN
999 _c87568
_d87568